|
|
|
|
| LEADER |
00721ncm a22002172a 4500 |
| 001 |
001107416 |
| 003 |
CZ BrMZK |
| 005 |
20110517105218.0 |
| 007 |
qu |
| 008 |
100726s1969 au |||||||||||||||||zxx d |
| 040 |
|
|
|a BOA001
|b cze
|
| 072 |
|
7 |
|a 788
|x Hudba pro dechové nástroje
|2 Konspekt
|9 9
|
| 100 |
1 |
|
|a Závodný, Antonín,
|d 1922-1990
|7 ola200204662
|4 cmp
|
| 245 |
1 |
0 |
|a Trifolium
|h [hudebnina] :
|b Konzertpolka für 3 B-Trompeten /
|c von Antonín Závodný
|
| 260 |
|
|
|a Wien :
|b J. Kliment,
|c 1969
|
| 300 |
|
|
|a 38 hlasů
|
| 500 |
|
|
|a Pro dechový orchestr
|
| 910 |
|
|
|a BOA001
|b Mus3-0929.286
|
| 990 |
|
|
|a MU
|
| 991 |
|
|
|b 201007
|
| 996 |
6 |
|
|b 2619457247
|c Mus3-0929.286
|l MZK
|r Sklad / do 1 hodiny
|n 0
|w 001134764
|u 000010
|a 1
|e BOA001
|j MZK50
|s P
|